<?xml version="1.0" encoding="UTF-8"?><?xml-stylesheet type="text/xsl" href="static/style.xsl"?><OAI-PMH xmlns="http://www.openarchives.org/OAI/2.0/" xmlns:xsi="http://www.w3.org/2001/XMLSchema-instance" xsi:schemaLocation="http://www.openarchives.org/OAI/2.0/ http://www.openarchives.org/OAI/2.0/OAI-PMH.xsd"><responseDate>2026-04-13T04:04:05Z</responseDate><request verb="GetRecord" identifier="oai:www.recercat.cat:11351/7808" metadataPrefix="marc">https://recercat.cat/oai/request</request><GetRecord><record><header><identifier>oai:recercat.cat:11351/7808</identifier><datestamp>2025-10-24T10:24:28Z</datestamp><setSpec>com_2072_378070</setSpec><setSpec>com_2072_378040</setSpec><setSpec>col_2072_378092</setSpec></header><metadata><record xmlns="http://www.loc.gov/MARC21/slim" xmlns:dcterms="http://purl.org/dc/terms/" xmlns:xsi="http://www.w3.org/2001/XMLSchema-instance" xmlns:doc="http://www.lyncode.com/xoai" xsi:schemaLocation="http://www.loc.gov/MARC21/slim http://www.loc.gov/standards/marcxml/schema/MARC21slim.xsd">
   <leader>00925njm 22002777a 4500</leader>
   <datafield ind2=" " ind1=" " tag="042">
      <subfield code="a">dc</subfield>
   </datafield>
   <datafield ind2=" " ind1=" " tag="720">
      <subfield code="a">Lankester, Arjan</subfield>
      <subfield code="e">author</subfield>
   </datafield>
   <datafield ind2=" " ind1=" " tag="720">
      <subfield code="a">Neven, Benedicte</subfield>
      <subfield code="e">author</subfield>
   </datafield>
   <datafield ind2=" " ind1=" " tag="720">
      <subfield code="a">von Asmuth, Erik</subfield>
      <subfield code="e">author</subfield>
   </datafield>
   <datafield ind2=" " ind1=" " tag="720">
      <subfield code="a">Courteille, Virginie</subfield>
      <subfield code="e">author</subfield>
   </datafield>
   <datafield ind2=" " ind1=" " tag="720">
      <subfield code="a">Alligon, Mikael</subfield>
      <subfield code="e">author</subfield>
   </datafield>
   <datafield ind2=" " ind1=" " tag="720">
      <subfield code="a">Díaz de Heredia Rubio, Maria Cristina</subfield>
      <subfield code="e">author</subfield>
   </datafield>
   <datafield ind2=" " ind1=" " tag="720">
      <subfield code="a">Mahlaoui, Nizar</subfield>
      <subfield code="e">author</subfield>
   </datafield>
   <datafield ind2=" " ind1=" " tag="260">
      <subfield code="c">2022-07-19T08:40:42Z</subfield>
   </datafield>
   <datafield ind2=" " ind1=" " tag="260">
      <subfield code="c">2022-07-19T08:40:42Z</subfield>
   </datafield>
   <datafield ind2=" " ind1=" " tag="260">
      <subfield code="c">2022-05-01</subfield>
   </datafield>
   <datafield ind2=" " ind1=" " tag="520">
      <subfield code="a">Genetic subgroups; Immune reconstitution; Pretransplantation infections</subfield>
   </datafield>
   <datafield ind2=" " ind1=" " tag="520">
      <subfield code="a">Subgrupos genéticos; Reconstitución inmune; Infecciones previas al trasplante</subfield>
   </datafield>
   <datafield ind2=" " ind1=" " tag="520">
      <subfield code="a">Subgrups genètics; Reconstitució immune; Infeccions prèvies al trasplantament</subfield>
   </datafield>
   <datafield ind2=" " ind1=" " tag="520">
      <subfield code="a">Background&#xd;
Hematopoietic stem cell transplantation (HSCT) represents a curative treatment for patients with severe combined immunodeficiency (SCID), a group of monogenic immune disorders with an otherwise fatal outcome.&#xd;
Objective&#xd;
We performed a comprehensive multicenter analysis of genotype-specific HSCT outcome, including detailed analysis of immune reconstitution (IR) and the predictive value for clinical outcome.&#xd;
Methods&#xd;
HSCT outcome was studied in 338 patients with genetically confirmed SCID who underwent transplantation in 2006-2014 and who were registered in the SCETIDE registry. In a representative subgroup of 152 patients, data on IR and long-term clinical outcome were analyzed.&#xd;
Results&#xd;
Two-year OS was similar with matched family and unrelated donors and better than mismatched donor HSCT (P &lt; .001). The 2-year event-free survival (EFS) was similar in matched and mismatched unrelated donor and less favorable in mismatched related donor (MMRD) HSCT (P &lt; .001). Genetic subgroups did not differ in 2-year OS (P = .1) and EFS (P = .073). In multivariate analysis, pretransplantation infections and use of MMRDs were associated with less favorable OS and EFS. With a median follow-up of 6.2 years (range, 2.0-11.8 years), 73 of 152 patients in the IR cohort were alive and well without Ig dependency. IL-2 receptor gamma chain/Janus kinase 3/IL-7 receptor–deficient SCID, myeloablative conditioning, matched donor HSCT, and naive CD4 T lymphocytes >0.5 × 10e3/μL at +1 year were identified as independent predictors of favorable clinical and immunologic outcome.&#xd;
Conclusion&#xd;
Recent advances in HSCT in SCID patients have resulted in improved OS and EFS in all genotypes and donor types. To achieve a favorable long-term outcome, treatment strategies should aim for optimal naive CD4 T lymphocyte regeneration.</subfield>
   </datafield>
   <datafield ind1="8" ind2=" " tag="024">
      <subfield code="a">http://hdl.handle.net/11351/7808</subfield>
   </datafield>
   <datafield tag="653" ind2=" " ind1=" ">
      <subfield code="a">Malalties congènites</subfield>
   </datafield>
   <datafield tag="653" ind2=" " ind1=" ">
      <subfield code="a">Cèl·lules mare hematopoètiques - Trasplantació</subfield>
   </datafield>
   <datafield tag="653" ind2=" " ind1=" ">
      <subfield code="a">DISEASES::Congenital, Hereditary, and Neonatal Diseases and Abnormalities::Infant, Newborn, Diseases::Severe Combined Immunodeficiency</subfield>
   </datafield>
   <datafield tag="653" ind2=" " ind1=" ">
      <subfield code="a">Other subheadings::Other subheadings::Other subheadings::/genetics</subfield>
   </datafield>
   <datafield tag="653" ind2=" " ind1=" ">
      <subfield code="a">ENFERMEDADES::enfermedades y anomalías neonatales congénitas y hereditarias::enfermedades del recién nacido::inmunodeficiencia combinada grave</subfield>
   </datafield>
   <datafield tag="653" ind2=" " ind1=" ">
      <subfield code="a">Otros calificadores::Otros calificadores::Otros calificadores::/genética</subfield>
   </datafield>
   <datafield ind2="0" ind1="0" tag="245">
      <subfield code="a">Hematopoietic cell transplantation in severe combined immunodeficiency: The SCETIDE 2006-2014 European cohort</subfield>
   </datafield>
</record></metadata></record></GetRecord></OAI-PMH>